| 000 | 00451pab a2200157 454500 | ||
|---|---|---|---|
| 008 | 180718b2005 xxu||||| |||| 00| 0 eng d | ||
| 100 | _aJoppke, Christian | ||
| 245 | _aAre "nondiscriminatory" immigration policies reversible? Evidence from the United States and Australia | ||
| 260 | _c2005 | ||
| 300 | _ap.3-25. | ||
| 362 | _aFeb | ||
| 650 | _aEthnic groups | ||
| 650 | _aImmigration | ||
| 773 | _aComparative Political Studies | ||
| 909 | _a65050 | ||
| 999 |
_c65050 _d65050 |
||